000 00301nam a22001337a 4500
008 170322b xxu||||| |||| 00| 0 eng d
020 _a9780835953054
041 _aeng
080 _25TH
_a616.12-008-073
100 _a7
101 _aSHM
245 _aBASIC ARRHYTHMIAS
_cWALRAVEN, G
942 _2udc
_cBK
999 _c8318
_d8318